000 00330nas a2200145 a 4500
001 69417
003 143283
005 20201118110644.0
008 ||||||n9999 ||| || ||
245 0 _aComunidad Europea - Vol.7 No.68-73,71
260 _c1971.
562 _e0
773 _069404
_aComunidad Europea
942 _cSISS
999 _c69417
_d69417